[Event "Canadian op U2000"]
[Site "Kitchener"]
[Date "2006.07.21"]
[Round "7"]
[White "Le, Ken"]
[Black "Saxena, Sanjay"]
[Result "1/2-1/2"]
[WhiteElo "1737"]
[BlackElo "1699"]
[PlyCount "242"]
[EventDate "2006.07.15"]
[EventType "swiss"]
[EventRounds "9"]
[EventCountry "CAN"]
[SourceTitle "CBM 113 Extra"]
[Source "ChessBase"]
[SourceDate "2006.09.14"]
[SourceVersion "1"]
[SourceVersionDate "2006.09.14"]
[SourceQuality "1"]

1. a4 e5 2. b3 d5 3. e3 Nc6 4. g3 Nf6 5. Ne2 d4 6. Bg2 Bc5 7. 0-0 0-0 8. Re1 Nb4 9. d3 c6 10. e4 Ng4 11. h3 Nf6 12. Kh2 Be6 13. f4 exf4 14. Nxf4 Nd7 15. Nxe6 fxe6 16. Na3 Ne5 17. Qh5 Bd6 18. Bd2 g6 19. Qe2 Rc8 20. Bh6 Rf7 21. Rf1 Rcc7 22. Rf2 Rxf2 23. Qxf2 Rf7 24. Qe2 Bf8 25. Bf4 Bg7 26. Rf1 c5 27. Bxe5 Bxe5 28. Rxf7 Kxf7 29. Nc4 Bb8 30. e5 b6 31. Qf3+ Ke8 32. Qb7 Qc7 33. Nd6+ Kf8 34. Qf3+ Kg8 35. Qf6 Qd7 36. h4 Nd5 37. Bxd5 exd5 38. h5 Bxd6 39. exd6 Qf7 40. Qxf7+ Kxf7 41. hxg6+ hxg6 42. Kh3 Ke6 43. Kg4 Kxd6 44. Kg5 a6 45. Kxg6 b5 46. g4 c4 47. g5 Ke5 48. Kf7 Kf4 49. g6 Ke3 50. g7 Kd2 51. g8Q Kxc2 52. dxc4 dxc4 53. bxc4 bxc4 54. Qg6+ d3 55. Qxa6 c3 56. a5 d2 57. Qe2 Kc1 58. Qc4 d1Q 59. Qxc3+ Kb1 60. Qb4+ Ka1 61. Qa3+ Kb1 62. a6 Qd5+ 63. Ke7 Qg5+ 64. Kd7 Qg7+ 65. Kc6 Qg6+ 66. Qd6 Qe8+ 67. Kb7 Qe4+ 68. Qc6 Qe7+ 69. Qc7 Qe4+ 70. Ka7 Ka2 71. Qa5+ Kb2 72. Qc7 Ka2 73. Qf7+ Ka1 74. Qf6+ Ka2 75. Kb8 Qb4+ 76. Kc7 Qc4+ 77. Qc6 Qf7+ 78. Kb6 Qf2+ 79. Qc5 Qf6+ 80. Ka5 Qd8+ 81. Kb4 Qd2+ 82. Qc3 Qd6+ 83. Kb5 Qd7+ 84. Qc6 Qf5+ 85. Kb6 Qf2+ 86. Qc5 Qf6+ 87. Kb7 Qf7+ 88. Qc7 Qf3+ 89. Kb8 Qf8+ 90. Qc8 Qd6+ 91. Ka8 Qd5+ 92. Qb7 Qd8+ 93. Ka7 Qd4+ 94. Ka8 Qd8+ 95. Qb8 Qd5+ 96. Qb7 Qd8+ 97. Ka7 Qd4+ 98. Kb8 Qd8+ 99. Qc8 Qb6+ 100. Qb7 Qd8+ 101. Qc8 Qd6+ 102. Ka8 Qd5+ 103. Qb7 Qd8+ 104. Qb8 Qd5+ 105. Ka7 Qc5+ 106. Qb6 Qe7+ 107. Qb7 Qc5+ 108. Ka8 Qf8+ 109. Qb8 Qf3+ 110. Ka7 Qe3+ 111. Ka8 Qe4+ 112. Qb7 Qe8+ 113. Ka7 Qe3+ 114. Qb6 Qe7+ 115. Qb7 Qe3+ 116. Kb8 Qe5+ 117. Ka8 Qe8+ 118. Qb8 Qe4+ 119. Qb7 Qe8+ 120. Qb8 Qe4+ 121. Ka7 Qe3+ 1/2-1/2